000
002660000a22000970004500
100
1
_a
Hutchinson, Carmen
245
1
0
_a
Reflexiones de una Womanist centroamericana
300
_a
Vol. 13, Num 1 (Junio, 1993), Páginas 40-46
773
0
_t
Vida y pensamiento
942
_c
ANA
999
_c
53026
_d
53026